[Event "SV Ibbenbueren II-SF Neuenkirchen II"]
[Site "Germany"]
[Date "2006.05.05"]
[Round "9.1"]
[White "Brito, Daniel"]
[Black "Hartmann, Viktor"]
[Result "1-0"]
[WhiteElo "1795"]
[BlackElo "1842"]
[PlyCount "45"]
[EventDate "2006.??.??"]

1. e4 c5 2. Nc3 Nc6 3. f4 d6 4. Nf3 Nf6 5. Bc4 g6 6. d3 Bg7 7. O-O O-O 8. Qe1
a6 9. a4 Bd7 10. Qh4 e6 11. f5 exf5 12. Bg5 Be6 13. exf5 Bxc4 14. dxc4 h6 15.
Nd5 hxg5 16. Nxg5 Nh5 17. f6 Ne5 18. Ne7+ Kh8 19. g4 Nxg4 20. Nxg6+ fxg6 21.
fxg7+ Kxg7 22. Ne6+ Kg8 23. Nxd8 1-0

[Event "SV Ibbenbueren II-SF Neuenkirchen II"]
[Site "Germany"]
[Date "2006.05.05"]
[Round "9.2"]
[White "Jonas, Robert"]
[Black "Rengers, Rainer"]
[Result "1-0"]
[WhiteElo "1735"]
[BlackElo "1682"]
[PlyCount "49"]
[EventDate "2006.??.??"]

1. e4 d5 2. exd5 Qxd5 3. Nc3 Qa5 4. d4 Nf6 5. Bb5+ c6 6. Bd3 Bg4 7. Nf3 Nbd7 8.
h3 Bxf3 9. Qxf3 e5 10. dxe5 Nxe5 11. Qe2 Bd6 12. O-O O-O-O 13. Be3 Nxd3 14.
cxd3 Rhe8 15. Qc2 Qe5 16. g3 Nh5 17. Ne4 a6 18. Bb6 Rd7 19. Rae1 Kb8 20. Nc5
Bxc5 21. Rxe5 Rxe5 22. Bxc5 Red5 23. d4 f5 24. Re1 f4 25. Bb6 1-0

[Event "SV Ibbenbueren II-SF Neuenkirchen II"]
[Site "Germany"]
[Date "2006.05.05"]
[Round "9.4"]
[White "Welzel, Wilhelm"]
[Black "Ternes, Joachim"]
[Result "1/2-1/2"]
[WhiteElo "1688"]
[BlackElo "1574"]
[PlyCount "49"]
[EventDate "2006.??.??"]

1. e4 c5 2. Nf3 Nc6 3. g3 e5 4. Bg2 d6 5. d3 Be7 6. O-O h5 7. h4 Bg4 8. Nbd2 g5
9. hxg5 Bxg5 10. c3 h4 11. Nc4 Bxc1 12. Qxc1 Bxf3 13. Bxf3 b5 14. Ne3 hxg3 15.
fxg3 Nh6 16. Nf5 Nxf5 17. exf5 Kd7 18. d4 cxd4 19. Bxc6+ Kxc6 20. cxd4+ Kb7 21.
dxe5 Qb6+ 22. Kg2 Rac8 23. Qd2 Qc6+ 24. Rf3 dxe5 25. Rd1 1/2-1/2

[Event "SV Ibbenbueren II-SF Neuenkirchen II"]
[Site "Germany"]
[Date "2006.05.05"]
[Round "9.5"]
[White "Winter, Reinhold"]
[Black "Korte, Hubert"]
[Result "0-1"]
[WhiteElo "1521"]
[BlackElo "1539"]
[PlyCount "80"]
[EventDate "2006.??.??"]

1. c4 e5 2. Nc3 Nf6 3. g3 Be7 4. Bg2 c6 5. e3 d5 6. cxd5 cxd5 7. d4 e4 8. Nge2
Nc6 9. a3 O-O 10. O-O Bg4 11. b4 Qd7 12. Qb3 Bf3 13. Nf4 Rfd8 14. Bb2 g5 15.
Bh3 Qd6 16. Nfe2 Ng4 17. Bxg4 Bxg4 18. f4 exf3 19. Nc1 Qe6 20. Kf2 Bh5 21. Qc2
Qh3 22. Ke1 Rac8 23. Rf2 Qe6 24. Qd2 Bf6 25. Kf1 Re8 26. Nd1 Ne7 27. Nd3 b6 28.
Rc1 Nf5 29. Rxc8 Rxc8 30. Ne5 Bxe5 31. dxe5 Rc4 32. e4 Rxe4 33. Qxg5+ Ng7 34.
Ne3 h6 35. Qd8+ Kh7 36. Nc2 Re2 37. Qh4 Qf5 38. Ne1 Rxe1+ 39. Kxe1 Qb1+ 40. Kd2
Qxb2+ 0-1

[Event "SV Ibbenbueren II-SF Neuenkirchen II"]
[Site "Germany"]
[Date "2006.05.05"]
[Round "9.6"]
[White "Niedenzu, Gerhard"]
[Black "Goeckeler, Andreas"]
[Result "0-1"]
[WhiteElo "1507"]
[BlackElo "1422"]
[PlyCount "80"]
[EventDate "2006.??.??"]

1. e4 d6 2. Nf3 Nf6 3. Nc3 g6 4. d4 Bg7 5. Be3 c6 6. Be2 Qb6 7. Rb1 Ng4 8. Bc1
O-O 9. h3 Nf6 10. Be3 Nbd7 11. O-O Qc7 12. Bc4 b5 13. Bd3 a6 14. a3 Bb7 15. Qd2
e6 16. Rfe1 c5 17. e5 dxe5 18. dxe5 Nd5 19. Nxd5 Bxd5 20. Be2 Nxe5 21. Nxe5
Bxe5 22. c3 Bh2+ 23. Kh1 Be5 24. Bf1 Rad8 25. Qc2 Bf6 26. b3 c4 27. b4 Rd7 28.
Rbd1 Rfd8 29. Kg1 Qc6 30. Qc1 Be4 31. Rxd7 Rxd7 32. f3 Bd3 33. Bf2 Bxf1 34.
Kxf1 Rd3 35. Rd1 Qd5 36. Rxd3 Qxd3+ 37. Kg1 Bxc3 38. Bc5 Bd4+ 39. Bxd4 Qxd4+
40. Kh1 c3 0-1

[Event "SKT Emsdetten III-SC Steinfurt II"]
[Site "Germany"]
[Date "2006.05.05"]
[Round "9.1"]
[White "Giese, Benjamin"]
[Black "Sarana-Hungeling, Oksana"]
[Result "0-1"]
[WhiteElo "1548"]
[BlackElo "2269"]
[PlyCount "106"]
[EventDate "2006.??.??"]

1. c4 {[%emt 0:00:00]} c5 2. Nc3 Nf6 3. g3 d5 4. cxd5 Nxd5 5. Bg2 Nc7 6. Nf3
Nc6 7. O-O e5 8. b3 Be7 9. d3 Be6 10. Ba3 f6 11. Qc2 Qd7 12. Rfc1 Rc8 13. Qd2
O-O 14. Rc2 Rfd8 15. Rac1 Na6 16. Ne4 b6 17. Qe1 Bf8 18. Qf1 Nc7 19. Nc3 g6 20.
Ra1 Bg7 21. Rcc1 Nd5 22. Nxd5 Bxd5 23. Nd2 Nd4 24. Bxd5+ Qxd5 25. Bb2 f5 26.
Bxd4 Qxd4 27. Nf3 Qd5 28. Rab1 Re8 29. Rd1 e4 30. Ne1 Rcd8 31. e3 Bf6 32. Qe2
exd3 33. Qxd3 Qxd3 34. Rxd3 Rxd3 35. Nxd3 Rd8 36. Rd1 b5 37. Nb2 Rxd1+ 38. Nxd1
c4 39. f3 c3 40. Nf2 c2 41. Nd3 Bb2 42. Kf2 c1=Q 43. Nxc1 Bxc1 44. e4 fxe4 45.
fxe4 Kf7 46. Ke2 Ke6 47. Kd3 Ke5 48. Kc2 Ba3 49. Kd3 Bc5 50. h3 h6 51. g4 g5
52. Ke2 Kxe4 53. Kd1 Kf3 0-1

[Event "SKT Emsdetten III-SC Steinfurt II"]
[Site "Germany"]
[Date "2006.05.05"]
[Round "9.3"]
[White "Freitag, Michael"]
[Black "Lueke, Reinhard"]
[Result "1-0"]
[WhiteElo "1243"]
[BlackElo "1638"]
[PlyCount "64"]
[EventDate "2006.??.??"]

1. d4 d6 2. f4 Nf6 3. e3 Bg4 4. Nf3 Ne4 5. Bd3 f5 6. O-O e6 7. Qe1 Be7 8. Nbd2
d5 9. c3 Nd7 10. a3 a5 11. c4 c6 12. b3 O-O 13. Ne5 Nxe5 14. fxe5 Nxd2 15. Bxd2
Qe8 16. cxd5 cxd5 17. a4 Qg6 18. Qf2 b6 19. Rfc1 Bg5 20. Rc6 Rab8 21. Rac1 Qh6
22. g3 Bh5 23. h4 Be7 24. e4 f4 25. exd5 g5 26. gxf4 gxf4 27. Rxe6 Qg7+ 28. Kh1
Qf7 29. Rh6 Qxd5+ 30. Kh2 Rf7 31. Bc4 Qe4 32. Rxh5 Kg7 1-0

[Event "SKT Emsdetten III-SC Steinfurt II"]
[Site "Germany"]
[Date "2006.05.05"]
[Round "9.4"]
[White "Visschedijk, Theo"]
[Black "Uhlenbrock, Dirk"]
[Result "1-0"]
[WhiteElo "1549"]
[BlackElo "1466"]
[PlyCount "41"]
[EventDate "2006.??.??"]

1. e4 c6 2. d4 d5 3. e5 Bf5 4. g4 Bg6 5. h4 h6 6. Bd3 Bxd3 7. Qxd3 Qb6 8. e6 c5
9. exf7+ Kxf7 10. dxc5 Qxc5 11. Nc3 Nf6 12. Be3 Qc6 13. Nf3 Nbd7 14. O-O-O e6
15. h5 Bc5 16. Bxc5 Qxc5 17. g5 hxg5 18. Nxg5+ Ke7 19. Rhe1 Nf8 20. Nxd5+ Qxd5
21. Qa3+ 1-0

[Event "SKT Emsdetten III-SC Steinfurt II"]
[Site "Germany"]
[Date "2006.05.05"]
[Round "9.5"]
[White "Kroeger, Ralf"]
[Black "Loecke, Christian"]
[Result "0-1"]
[WhiteElo "1354"]
[BlackElo "1641"]
[PlyCount "96"]
[EventDate "2006.??.??"]

1. d4 d5 2. c4 e6 3. Nc3 Nf6 4. Bg5 Nbd7 5. e3 c6 6. Bd3 Qa5 7. Nf3 dxc4 8.
Bxc4 Ne4 9. Qa4 Qxa4 10. Nxa4 b5 11. Bd3 Nxg5 12. Nxg5 bxa4 13. Bc2 Bb4+ 14.
Kf1 Ba6+ 15. Kg1 Bb5 16. g3 Nf6 17. Kg2 O-O 18. a3 Ba5 19. Rhc1 Rac8 20. Bd1
Rc7 21. Nf3 Bb6 22. Ne5 c5 23. dxc5 Rxc5 24. Rxc5 Bxc5 25. Rc1 Bb6 26. Nc6 Nd5
27. Nd4 Bd7 28. Rc4 Rc8 29. Rxc8+ Bxc8 30. Bxa4 Bxd4 31. exd4 Bb7 32. Kf1 Kf8
33. Ke2 Ke7 34. Kd3 Kd6 35. Bb5 Nb6 36. Kc3 Kd5 37. Bd3 g6 38. b3 e5 39. Bc4+
Ke4 40. dxe5 Nxc4 41. Kxc4 Kxe5 42. Kc5 f5 43. f4+ Ke4 44. Kd6 Kf3 45. Kc7 Be4
46. b4 Kg2 47. Kb8 Kxh2 48. Kxa7 Kxg3 0-1

[Event "CC Rheine-SCF Saerbeck II"]
[Site "Germany"]
[Date "2006.05.05"]
[Round "9.1"]
[White "Hiller, Simon"]
[Black "Wernsmann, Rolf"]
[Result "1/2-1/2"]
[WhiteElo "1762"]
[BlackElo "1660"]
[PlyCount "101"]
[EventDate "2006.??.??"]

1. Nf3 Nf6 2. g3 d6 3. Bg2 g6 4. O-O Bg7 5. d4 c6 6. c4 Na6 7. Qb3 O-O 8. h3
Nc7 9. Be3 d5 10. Nbd2 dxc4 11. Nxc4 Be6 12. Qc2 Bxc4 13. Qxc4 Nfd5 14. Bd2 Ne8
15. e4 Nd6 16. Qd3 Nb6 17. a4 a5 18. b4 axb4 19. a5 Nd7 20. Bxb4 Nb5 21. Rad1
Nf6 22. g4 Qc7 23. Rc1 Qd8 24. Rfd1 Rxa5 25. Bxa5 Qxa5 26. g5 Ne8 27. d5 cxd5
28. Rc5 dxe4 29. Qxe4 Nbd6 30. Qc2 Qb6 31. Rb1 Qa7 32. Ne5 Bxe5 33. Rxe5 e6 34.
Rc5 Ng7 35. Rc7 Ngf5 36. Qc1 Qa5 37. Bxb7 Nxb7 38. Rcxb7 Qe5 39. R7b5 Qe4 40.
Qe1 Qf3 41. R5b3 Qf4 42. Qc1 Qe5 43. Rb5 Qd4 44. Rb8 Rxb8 45. Rxb8+ Kg7 46. Qa3
Qd1+ 47. Kh2 Qd6+ 48. Qxd6 Nxd6 49. f4 Nf5 50. Kg2 h6 51. Kf3 1/2-1/2

[Event "CC Rheine-SCF Saerbeck II"]
[Site "Germany"]
[Date "2006.05.05"]
[Round "9.2"]
[White "Engfer, Klaus"]
[Black "Guennigmann, Stefan"]
[Result "0-1"]
[WhiteElo "1633"]
[BlackElo "1789"]
[PlyCount "90"]
[EventDate "2006.??.??"]

1. e4 c5 2. Nf3 Nc6 3. Bc4 g6 4. d4 cxd4 5. Nxd4 Bg7 6. Nxc6 bxc6 7. O-O Nf6 8.
Nc3 O-O 9. e5 Ne8 10. Re1 Rb8 11. Bb3 d5 12. Bf4 Nc7 13. Na4 f6 14. e6 g5 15.
Bg3 f5 16. Bxc7 Qxc7 17. Qh5 g4 18. Rad1 Qd6 19. c4 Bxe6 20. cxd5 Bxd5 21. Qg5
e6 22. Nc3 Rfe8 23. Qe3 Qc7 24. Nxd5 cxd5 25. Rc1 Qa5 26. Rc6 Rb6 27. Rc5 Rb5
28. Rc6 Rb6 29. Rc5 Rb5 30. Rc6 f4 31. Qe2 Rb6 32. Rc5 Qxc5 33. Qxg4 Qd4 34.
Rb1 Qe4 35. Qd1 Bd4 36. Bc2 Qe5 37. Qg4+ Qg7 38. Bxh7+ Kf8 39. Qxf4+ Qf6 40.
Qg3 Rxb2 41. Rf1 Rxa2 42. Qc7 Rxf2 43. Qd6+ Kg7 44. Qd7+ Re7 45. Rxf2 Bxf2+ 0-1

[Event "CC Rheine-SCF Saerbeck II"]
[Site "Germany"]
[Date "2006.05.05"]
[Round "9.3"]
[White "Janzen, Dieter"]
[Black "Giller, Gerd"]
[Result "0-1"]
[WhiteElo "1740"]
[BlackElo "1480"]
[PlyCount "175"]
[EventDate "2006.??.??"]

1. e4 {[%emt 0:00:00]} e6 2. d4 c6 3. Nf3 Be7 4. Bd3 Nf6 5. Nc3 b6 6. Qe2 Bb7
7. Bf4 d6 8. O-O-O Nbd7 9. Rhe1 O-O 10. e5 dxe5 11. dxe5 Nd5 12. Qe4 g6 13. Bh6
Nxc3 14. bxc3 Re8 15. Qg4 Qc7 16. h4 Bf8 17. Bxf8 Nxf8 18. h5 Qe7 19. hxg6 fxg6
20. Rh1 Rad8 21. Kb2 Rd5 22. Qh4 Qg7 23. Bc4 Rxd1 24. Rxd1 c5 25. Qf4 Bxf3 26.
gxf3 Qf7 27. Qe4 Re7 28. Rd6 Kg7 29. Bb5 Qf5 30. Qe3 g5 31. Rd1 Ng6 32. Rg1 h6
33. Re1 Nf4 34. Qd2 h5 35. Qd6 Qf7 36. Rg1 Kh6 37. Qd8 Ng6 38. Bd3 Qe8 39. Qxe8
Rxe8 40. Bxg6 Kxg6 41. f4 g4 42. f3 Kf5 43. fxg4+ hxg4 44. Rf1 g3 45. Kc1 g2
46. Rg1 Rg8 47. Kd2 Kxf4 48. Ke2 Kxe5 49. Kf2 Kd5 50. Rd1+ Kc4 51. Kg1 Rg7 52.
Rd3 e5 53. Re3 e4 54. a3 Kd5 55. a4 Ke5 56. a5 b5 57. Rh3 Rg6 58. Rh7 a6 59.
Rh5+ Kd6 60. Rh4 Kd5 61. Rh5+ Kc4 62. Re5 Kxc3 63. Rxc5+ Kb4 64. Re5 Kxa5 65.
Rxe4 Kb6 66. Re8 Ka5 67. c3 Ka4 68. Rc8 Kb3 69. Rc5 Ka4 70. Rc8 Rg5 71. c4 Kb4
72. cxb5 axb5 73. Rf8 Rg4 74. Rb8 Ka4 75. Ra8+ Kb3 76. Rb8 b4 77. Rf8 Ka3 78.
Ra8+ Kb2 79. Rb8 b3 80. Rc8 Kb1 81. Rb8 b2 82. Rc8 Ra4 83. Kxg2 Ka2 84. Rc2 Kb3
85. Rf2 b1=Q 86. Rf3+ Ka2 87. Rf8 Qg6+ 88. Kf1 0-1

[Event "CC Rheine-SCF Saerbeck II"]
[Site "Germany"]
[Date "2006.05.05"]
[Round "9.4"]
[White "Stroot, Helmut"]
[Black "Loeckener, Thomas"]
[Result "0-1"]
[WhiteElo "1363"]
[BlackElo "1718"]
[PlyCount "80"]
[EventDate "2006.??.??"]

1. d4 Nf6 2. Nf3 d5 3. Bf4 c6 4. e3 Bg4 5. Nbd2 e6 6. Bd3 Bd6 7. O-O O-O 8. Rc1
Bxf4 9. exf4 Qd6 10. g3 Nbd7 11. Re1 c5 12. c3 Rac8 13. Be2 cxd4 14. Nxd4 Bxe2
15. Qxe2 Qb6 16. N2f3 Nc5 17. Ne5 Rfd8 18. Rc2 a6 19. g4 Nfe4 20. g5 Nd7 21.
Qh5 Nd6 22. Re3 Nf8 23. Rh3 Rc7 24. Qg4 Re7 25. Rg3 Qc7 26. h4 Qc8 27. h5 Nf5
28. Rd3 Kh8 29. g6 Nh6 30. Qg2 f6 31. Nef3 e5 32. fxe5 fxe5 33. Ne2 e4 34. Re3
exf3 35. Qxf3 Rxe3 36. Qxe3 Re8 37. Qd2 Re4 38. Nf4 Qg4+ 39. Kf1 Qf3 40. c4
Qh1# 0-1

[Event "CC Rheine-SCF Saerbeck II"]
[Site "Germany"]
[Date "2006.05.05"]
[Round "9.5"]
[White "Henschen, Daniel"]
[Black "Altenaehr, Johannes"]
[Result "0-1"]
[WhiteElo "1709"]
[BlackElo "1489"]
[PlyCount "64"]
[EventDate "2006.??.??"]

1. Nf3 Nf6 2. g3 Nc6 3. Bg2 d5 4. d4 g6 5. O-O Bg7 6. c3 O-O 7. a4 Re8 8. b3 e5
9. dxe5 Nxe5 10. Nxe5 Rxe5 11. Na3 c6 12. b4 Qe7 13. Ra2 a5 14. b5 Rh5 15. c4
Bh3 16. Bf3 Rf5 17. Re1 Re8 18. cxd5 Rxf3 19. d6 Qe4 20. e3 Bg4 21. Qc2 Qxc2
22. Rxc2 Bd7 23. Bd2 Re4 24. bxc6 Bxc6 25. Bxa5 Rxa4 26. Nc4 Nd7 27. Bc7 Rf5
28. Nb6 Nxb6 29. Bxb6 Rd5 30. Bc7 Be5 31. e4 Rxe4 32. Rxe4 Rd1+ 0-1

[Event "CC Rheine-SCF Saerbeck II"]
[Site "Germany"]
[Date "2006.05.05"]
[Round "9.6"]
[White "Kreimeyer, Thomas"]
[Black "Bartsch, Rainer"]
[Result "1-0"]
[WhiteElo "1342"]
[BlackElo "1964"]
[PlyCount "48"]
[EventDate "2006.??.??"]

1. e4 d5 2. exd5 Nf6 3. Nc3 Nxd5 4. Nxd5 Qxd5 5. Nf3 Bg4 6. Be2 Nc6 7. h3 Bh5
8. g4 Bg6 9. d3 e5 10. Rg1 O-O-O 11. Bd2 Bc5 12. Be3 e4 13. Nh4 Bb4+ 14. Bd2
exd3 15. Bxb4 Nxb4 16. Nxg6 hxg6 17. Bxd3 Nxd3+ 18. Qxd3 Qe5+ 19. Qe2 Qxb2 20.
Rd1 Rhe8 21. Rxd8+ Kxd8 22. Qxe8+ Kxe8 23. Kd2 Qd4+ 24. Ke1 Qa1+ 1-0

[Event "CC Rheine-SCF Saerbeck II"]
[Site "Germany"]
[Date "2006.05.05"]
[Round "9.7"]
[White "Rogowski, Friedrich"]
[Black "Gausmann Gregor"]
[Result "0-1"]
[WhiteElo "1684"]
[BlackElo "1221"]
[PlyCount "85"]
[EventDate "2006.??.??"]

1. e4 c5 2. Nf3 Nc6 3. Bb5 a6 4. Bxc6 bxc6 5. O-O d5 6. e5 Bg4 7. h3 Bxf3 8.
Qxf3 e6 9. d3 g6 10. Bf4 Bg7 11. Qe3 d4 12. Qe4 Qd5 13. Nd2 Ne7 14. Nc4 O-O 15.
Qe1 Rab8 16. b3 Nf5 17. f3 Qd8 18. g4 Ne7 19. Bg5 h6 20. Bxe7 Qxe7 21. Qe4 Qh4
22. Kg2 f5 23. exf6 Qxf6 24. f4 Rfe8 25. Ne5 Qd8 26. Qxg6 Qd5+ 27. Kg3 Rf8 28.
Rae1 Rf6 29. Qe4 Qxe4 30. Rxe4 Rc8 31. Nd7 Rf7 32. Nxc5 e5 33. f5 a5 34. a4 Bf6
35. Ne6 Re8 36. Nxd4 c5 37. Nf3 Rg7 38. h4 Kh8 39. Kf2 Reg8 40. Rg1 Re7 41. g5
hxg5 42. hxg5 Bxg5 43. Nxg5 0-1

[Event "SCF Saerbeck III-SF Reckenfeld"]
[Site "Germany"]
[Date "2006.05.05"]
[Round "9.2"]
[White "Menz, Robert"]
[Black "Boerger, Andreas"]
[Result "0-1"]
[WhiteElo "1594"]
[BlackElo "1631"]
[PlyCount "58"]
[EventDate "2006.??.??"]

1. d4 f5 2. e4 fxe4 3. Nc3 Nf6 4. f3 e3 5. Bxe3 g6 6. Bd3 Bg7 7. Nge2 O-O 8.
Qd2 d6 9. h4 Nbd7 10. O-O-O e5 11. g4 Qe8 12. Ng3 exd4 13. Bxd4 Ne5 14. Bxe5
Qxe5 15. f4 Qc5 16. f5 Nxg4 17. fxg6 Bh6 18. gxh7+ Kh8 19. Qxh6 Nxh6 20. Nge4
Qh5 21. Nb5 Bd7 22. Ng5 Bxb5 23. Bxb5 Rf4 24. Ne6 Rxh4 25. Rxh4 Qxh4 26. Nxc7
Qg5+ 27. Kb1 Rc8 28. Nd5 Rc5 29. Nc3 Rxc3 0-1

[Event "SCF Saerbeck III-SF Reckenfeld"]
[Site "Germany"]
[Date "2006.05.05"]
[Round "9.3"]
[White "Merschkoetter, Peter"]
[Black "Ulunque Villazon, Humberto"]
[Result "1/2-1/2"]
[WhiteElo "1587"]
[BlackElo "1558"]
[PlyCount "84"]
[EventDate "2006.??.??"]

1. e4 {[%emt 0:00:00]} d5 {[%emt 0:00:00]} 2. exd5 Nf6 3. h3 Nxd5 4. d4 Nc6 5.
Nf3 e6 6. a3 a5 7. Be2 Be7 8. O-O O-O 9. c4 Nb6 10. Nc3 Bf6 11. Be3 Nd7 12. Qc2
Ne7 13. Bd3 g6 14. Rad1 c6 15. Ne4 Bg7 16. Ng3 b6 17. Qc1 Bb7 18. Bh6 Rc8 19.
Bxg7 Kxg7 20. Ne5 Nf6 21. Qg5 Qc7 22. h4 h6 23. Qf4 c5 24. Rfe1 Nd7 25. Qe3
cxd4 26. Qxd4 Nf6 27. Ng4 Neg8 28. Ne4 Bxe4 29. Rxe4 Rfd8 30. Qc3 Qe7 31. Rf4
h5 32. Nxf6 Nxf6 33. g4 hxg4 34. Rxg4 e5 35. Rg5 Rd4 36. Re1 Rg4+ 37. Kf1 Rxh4
38. Rexe5 Qd7 39. Bf5 Qc6 40. Rg1 Qxc4+ 41. Qxc4 Rcxc4 42. Ke2 Ng4 1/2-1/2

[Event "SCF Saerbeck III-SF Reckenfeld"]
[Site "Germany"]
[Date "2006.05.05"]
[Round "9.5"]
[White "Richter, Michael"]
[Black "Gildehaus, Simon"]
[Result "1-0"]
[WhiteElo "1676"]
[BlackElo "1517"]
[PlyCount "55"]
[EventDate "2006.??.??"]

1. d4 d5 2. c4 e6 3. Nc3 Nf6 4. e3 b6 5. cxd5 Nxd5 6. Be2 Bb7 7. Nxd5 Bxd5 8.
Bf3 Be7 9. Qa4+ c6 10. e4 b5 11. Qd1 Bc4 12. b3 Bb4+ 13. Bd2 Bxb3 14. axb3 Qxd4
15. Ra2 O-O 16. Ne2 Bxd2+ 17. Qxd2 Qb6 18. O-O Na6 19. Qa5 Nc5 20. Qxb6 axb6
21. Rxa8 Rxa8 22. Nd4 Ra3 23. b4 Nb3 24. Nxc6 Nd2 25. Rd1 Nxf3+ 26. gxf3 g6 27.
Kg2 Rc3 28. Na7 1-0

[Event "SCF Saerbeck III-SF Reckenfeld"]
[Site "Germany"]
[Date "2006.05.05"]
[Round "9.6"]
[White "van der Kolk, Janot"]
[Black "Holtmannspoetter, Michael"]
[Result "1/2-1/2"]
[WhiteElo "1456"]
[BlackElo "1675"]
[PlyCount "89"]
[EventDate "2006.??.??"]

1. e4 c5 2. Nf3 Nc6 3. d4 cxd4 4. Nxd4 e6 5. Nc3 Nf6 6. Be2 Bb4 7. Nxc6 bxc6 8.
Bf3 Ba6 9. Qd4 Qb6 10. Qxb6 axb6 11. Be3 Bxc3+ 12. bxc3 c5 13. Rb1 O-O 14. Rxb6
Rfb8 15. Rxb8+ Rxb8 16. Bxc5 Rb1+ 17. Bd1 Nxe4 18. Bb4 Nf6 19. f3 Nd5 20. a3
Ne3 21. Kd2 Nc4+ 22. Ke1 Ra1 23. Kf2 Nxa3 24. Re1 Nxc2 25. Bxc2 Ra2 26. Kg3
Rxc2 27. Ra1 Bb7 28. Ra7 Bc6 29. Rc7 h6 30. h4 Bb5 31. h5 f6 32. Rc8+ Kh7 33.
Rc7 e5 34. Kh3 Bf1 35. Rxd7 Rxg2 36. Rd1 Rf2+ 37. Kg3 Be2 38. Kxf2 Bxd1 39. c4
Bb3 40. c5 Bd5 41. Kg3 g6 42. hxg6+ Kxg6 43. f4 e4 44. Bd2 Bc6 45. f5+ 1/2-1/2

[Event "SCF Saerbeck III-SF Reckenfeld"]
[Site "Germany"]
[Date "2006.05.05"]
[Round "9.7"]
[White "Willenburg Johannes"]
[Black "Greiling, Thorsten"]
[Result "1-0"]
[WhiteElo "1231"]
[BlackElo "1319"]
[PlyCount "83"]
[EventDate "2006.??.??"]

1. e4 e5 2. Nf3 Nc6 3. Bb5 Bc5 4. Bxc6 dxc6 5. Nc3 Nf6 6. O-O Qd6 7. d3 O-O 8.
h3 h6 9. Be3 Bxe3 10. fxe3 Re8 11. Qe2 b6 12. d4 Qb4 13. Rab1 exd4 14. exd4 a5
15. e5 Ba6 16. Qf2 Bxf1 17. Qxf1 Nd5 18. Nxd5 cxd5 19. c3 Qa4 20. a3 Qc2 21. g4
Re6 22. Qc1 Qe4 23. Qf1 f6 24. Re1 Qf4 25. Kg2 fxe5 26. Nxe5 Rf8 27. Qxf4 Rxf4
28. Nd3 Rfe4 29. Rxe4 dxe4 30. Nf4 Re8 31. Kf2 Kf7 32. Ke3 c6 33. Nh5 Kg6 34.
Ng3 Kg5 35. Nxe4+ Kh4 36. Kf3 Rxe4 37. Kxe4 Kxh3 38. Kf5 g5 39. c4 Kh4 40. d5
cxd5 41. cxd5 h5 42. d6 1-0

[Event "SC KB Rheine 23 II-SCR Emsdetten II"]
[Site "Germany"]
[Date "2006.05.05"]
[Round "9.2"]
[White "Brinkmann, Franz-Josef"]
[Black "Goihl, Herbert"]
[Result "1-0"]
[WhiteElo "1684"]
[BlackElo "1753"]
[PlyCount "76"]
[EventDate "2006.??.??"]

1. e4 c5 2. Nf3 d6 3. d4 cxd4 4. Nxd4 Nf6 5. Nc3 a6 6. Bg5 e6 7. Be2 Be7 8. O-O
Nc6 9. Kh1 h6 10. Be3 Qc7 11. f4 b5 12. Nxc6 Qxc6 13. e5 Nd5 14. Bf3 Bb7 15.
Nxd5 exd5 16. Bd4 O-O 17. c3 Rad8 18. Qe1 dxe5 19. fxe5 Qg6 20. Qe2 Bc8 21.
Rae1 Bf5 22. Bh5 Qh7 23. Qf2 Be6 24. Qg3 Rc8 25. Re2 Bc5 26. Qe3 Bxd4 27. cxd4
Rc2 28. Ref2 Rxf2 29. Qxf2 Qd3 30. Rc1 Rd8 31. h3 Rf8 32. Rc3 Qb1+ 33. Kh2 Qxa2
34. Rg3 Kh8 35. Ra3 Qc4 36. Rxa6 b4 37. Rxe6 Kg8 38. Re7 f5 1-0

[Event "SC KB Rheine 23 II-SCR Emsdetten II"]
[Site "Germany"]
[Date "2006.05.05"]
[Round "9.5"]
[White "Poggemann, Klaus"]
[Black "van Dam, Hans"]
[Result "1-0"]
[WhiteElo "1748"]
[BlackElo "1580"]
[PlyCount "37"]
[EventDate "2006.??.??"]

1. e4 e5 2. Nf3 Nf6 3. Nxe5 d6 4. Nf3 Nxe4 5. d4 Be7 6. Bd3 d5 7. c4 c6 8. O-O
Bg4 9. Re1 Nf6 10. cxd5 Nxd5 11. Nc3 Nxc3 12. bxc3 Bxf3 13. Qxf3 O-O 14. Qe4 g6
15. Qxe7 Nd7 16. Qxd8 Raxd8 17. Bg5 Rc8 18. Re7 Nb6 19. Rxb7 1-0

[Event "SC KB Rheine 23 II-SCR Emsdetten II"]
[Site "Germany"]
[Date "2006.05.05"]
[Round "9.6"]
[White "Sieker, Hans"]
[Black "Pfeiffer, Erich"]
[Result "0-1"]
[WhiteElo "1546"]
[BlackElo "1660"]
[PlyCount "48"]
[EventDate "2006.??.??"]

1. d4 d5 2. c4 c6 3. Nc3 Nf6 4. e3 a6 5. a3 g6 6. Qc2 Bg7 7. Bd3 O-O 8. h3 Nbd7
9. Nf3 Re8 10. O-O e5 11. cxd5 cxd5 12. dxe5 Nxe5 13. Nd4 b5 14. b4 Bb7 15. Bb2
Rc8 16. Rac1 Qb6 17. Qb1 Nc4 18. Nce2 Nd2 19. Qa1 Nxf1 20. Kxf1 Ne4 21. Nb3
Rxc1+ 22. Nexc1 Bxb2 23. Qxb2 h5 24. Ne2 Nxf2 0-1

[Event "SC KB Rheine 23 II-SCR Emsdetten II"]
[Site "Germany"]
[Date "2006.05.05"]
[Round "9.7"]
[White "Schneider, Richard"]
[Black "Znidar, Hans"]
[Result "1-0"]
[WhiteElo "1557"]
[BlackElo "1638"]
[PlyCount "55"]
[EventDate "2006.??.??"]

1. d4 Nf6 2. Nf3 e6 3. e3 c5 4. c3 d5 5. Bd3 Nc6 6. O-O Bd6 7. Re1 O-O 8. Nbd2
e5 9. dxe5 Nxe5 10. Nxe5 Bxe5 11. Nf3 Bc7 12. c4 Be6 13. Qc2 Qd6 14. g3 h6 15.
e4 dxe4 16. Bxe4 Nxe4 17. Qxe4 Rab8 18. b3 Bd7 19. Bb2 Bc6 20. Qg4 Qg6 21. Qxg6
fxg6 22. Ne5 Be8 23. Rad1 Rf5 24. Nd7 Rd8 25. Nf6+ gxf6 26. Rxd8 Re5 27. Rxe8+
Kf7 28. R8xe5 1-0